000 01109nam a2200253 i 4500
001 154182
003 ES-MaACL
005 20250905063051.0
008 990727s1890 fr |||| | fre d
040 _aCCPB | B
_bspa
_cCCPB | B
100 1 _aCambon, Paul,
_d1843-1924
_9160741
245 1 4 _aLes conditions du travail en Espagne
_b: rapport adressé au Ministre des Affaires Étrangères /
_cpar M. Cambon.
260 _aParis ;
_aNancy :
_bBerger-Levrault et Cie,
_c1890.
300 _a78 p. ;
_c23 cm.
490 1 _aRecueil de rapports sur les conditions du travail dans les pays étrangers adressés au Ministre des Affaires Étrangeres
596 _aMarca del ed. en port.
597 _aAntep.
650 0 4 _aTrabajo-
_xEspaña.
_917593
650 4 _aTrabajo-
_zPortugal.
_9161252
830 0 _aRecueil de rapports sur les conditions du travail dans les pays étrangers adressés au Ministre des Affaires Étrangeres
_9187853
852 _aES-MaACL
_jG-10806(1)
_z-- Enc. pasta española conservando la original
_z-- Donativo de Azcárate
942 _2udc
999 _c154182
_d154182